Information technology for management / (Record no. 344789)

000 -LEADER
fixed length control field 00768 a2200217 4500
020 ## - INTERNATIONAL STANDARD BOOK NUMBER
International Standard Book Number 0071154272
020 ## - INTERNATIONAL STANDARD BOOK NUMBER
International Standard Book Number 9780071154277
090 ## - LOCALLY ASSIGNED LC-TYPE CALL NUMBER (OCLC); LOCAL CALL NUMBER (RLIN)
-- 2288
-- 2288
100 1# - MAIN ENTRY--PERSONAL NAME
Personal name Lucas, Henry C.
245 10 - TITLE STATEMENT
Title Information technology for management /
Statement of responsibility, etc. Henry C. Lucas.
250 ## - EDITION STATEMENT
Edition statement International 2 Revised Ed ed.
260 ## - PUBLICATION, DISTRIBUTION, ETC.
Place of publication, distribution, etc. [S.l.] :
Name of publisher, distributor, etc. McGraw-Hill Education (ISE Editions),
Date of publication, distribution, etc. 1997.
300 ## - PHYSICAL DESCRIPTION
Extent 700 p.
490 1# - SERIES STATEMENT
Series statement Mcgraw-hill international editions.
500 ## - GENERAL NOTE
General note Import.
500 ## - GENERAL NOTE
General note Paperback.
830 #0 - SERIES ADDED ENTRY--UNIFORM TITLE
Uniform title Mcgraw-hill international editions.
856 40 - ELECTRONIC LOCATION AND ACCESS
Materials specified Amazon.com
Uniform Resource Identifier <a href="http://www.amazon.com/exec/obidos/ASIN/0071154272/chopaconline-20">http://www.amazon.com/exec/obidos/ASIN/0071154272/chopaconline-20</a>
856 40 - ELECTRONIC LOCATION AND ACCESS
Materials specified Amazon customer reviews
Uniform Resource Identifier <a href="http://www.chopac.org/cgi-bin/tools/azrev.pl?q=0071154272">http://www.chopac.org/cgi-bin/tools/azrev.pl?q=0071154272</a>
942 ## - ADDED ENTRY ELEMENTS (KOHA)
Institution code [OBSOLETE] NBS
Koha item type Book
Call number prefix 004 LUC
Holdings
Withdrawn status Lost status Damaged status Not for loan Permanent Location Current Location Shelving location Date acquired Total Checkouts Full call number Barcode Date last seen Date last checked out Price effective from Koha item type
        NUST Law School (NLS) NUST Law School (NLS) First Floor - Computer Science 08/28/2013 1 004 LUC NBS3734 11/22/2017 07/18/2017 08/28/2013 Book
© 2023 Central Library, National University of Sciences and Technology. All Rights Reserved.